01435 2200205 4500001002100000005001500021035002000036008004100056245003600097100002000133250000600153260003800159300001200197084001400209082000800223650001000231520096400241990001201205990001201217INLIS00000000000097920240530090520 a0010-0524000214240530 1 ind 1 aMata Espresso /cRicha Miskiyya aMiskiyya, Richa a1 aYogyakarta :bSheila/ Andi,c2013 a232 hlm a813 RIC m a813 4aFiksi aayla, seorang barista di Coffee Paradise, di Surga Kopi itulah ia mengenal Fandi, sesama barista dan terpesona pada Rafi, manajer di cafe tempatnya bekerja. Nama Rafi mengingatkannya pada seseorang di masa lalunya. Namun, ketika ia sudah mulai dekat dengan Rafi, Kayla justru merasa ada yang menusuk hatinya setiap melihat kedekatan Fandi dengan Alana, karyawan baru di Coffee Paradise. Kayla ingin sekali menjadi kekasih Rafi, namun ia selalu menemukan kedamaian ketika menatap manik mata Fandi yang sehitam kopi. Bagi Kayla, cinta itu seperti espresso. Espresso yang baik harus dibuat antara 18 hingga 23 detik, jika espresso dibuat di bawah 18 detik, ia akan terlalu encer, jika dibuat lebih dari 23 detik, ia akan terlalu pahit. Espresso harus disajikan dalam takaran yang pas, seperti juga cinta. Jika terlalu berlebihan, rasanya akan sangat pahit dan sakit. Kayla pun mencari tahu kemana hatinya akan menuju? Hati yang tepat, tempatnya melabuhkan cinta. a0741712 a0741713